[Event "American Cup Blitz 2026"]
[Site "Saint Louis USA"]
[Date "2026.03.02"]
[Round "6.25"]
[White "Celik, Hasan Huseyin"]
[Black "Krush, Irina"]
[Result "1-0"]
[WhiteTitle "IM"]
[BlackTitle "GM"]
[WhiteElo "2495"]
[BlackElo "2402"]
[WhiteFideId "44506759"]
[BlackFideId "2012782"]
[EventDate "2026.03.02"]

1. Nf3 c5 2. e4 d6 3. Nc3 Nc6 4. Bb5 Bd7 5. O-O g6 6. Bxc6 Bxc6 7. d4 cxd4 8.
Qxd4 Nf6 9. Nd5 Bg7 10. Bg5 O-O 11. Bxf6 exf6 12. Qd3 f5 13. c3 fxe4 14. Qxe4
Re8 15. Qd3 Qa5 16. Rfd1 Rad8 17. a4 Qxd5 18. Qxd5 Bxd5 19. Rxd5 Re2 20. Rb1 h6
21. Kf1 Re6 22. a5 Kf8 23. Rbd1 Ke7 24. Nd2 Rc8 25. Nb3 Rc4 26. Rb5 Rc7 27. Rb4
Re5 28. g3 h5 29. a6 bxa6 30. Ra1 Rb5 31. Rxa6 Rxb4 32. cxb4 Bxb2 33. b5 Rb7 34.
Na5 Rxb5 35. Rxa7+ Ke6 36. Nc6 Bf6 37. Ra6 Rc5 38. Ke2 Rc2+ 39. Ke3 Rc3+ 40. Ke2
Rb3 41. Ra4 Rb6 42. Nb4 d5 43. Nd3 d4 44. Ra5 Rc6 45. Ra7 Be7 46. Nf4+ Kd6 47.
Nd3 Ke6 48. h4 Rc2+ 49. Kd1 Rc3 50. Kd2 Rc6 51. Rb7 Ra6 52. Ke2 Bd6 53. Rb3 Ra2+
54. Kf3 Rc2 55. Ke4 Rc3 56. Rb6 Rc2 57. Kxd4 Ra2 58. Ke4 Ra4+ 59. Ke3 Ke7 60.
Rb7+ Ke6 61. Rb6 Ke7 62. Rb5 Ke6 63. Rb1 Ke7 64. Rc1 Ke6 65. Rc6 Kd7 66. Rb6 Ke7
67. Rb2 Ke6 68. Ke2 Ke7 69. Ne1 Ra3 70. Nf3 Ke6 71. Ng5+ Kf6 72. Rb6 Ke7 73.
Rb7+ Kf6 74. Rxf7+ Ke5 75. Rg7 Bc5 76. Rxg6 Ra2+ 77. Kd3 Rxf2 78. Rc6 Ba3 79.
Ra6 Bb4 80. Rb6 Be1 81. Rb5+ Kf6 82. Ne4+ 1-0

[Event "American Cup Blitz 2026"]
[Site "Saint Louis USA"]
[Date "2026.03.02"]
[Round "6.26"]
[White "Kiolbasa, Oliwia"]
[Black "Rorrer, Grayson"]
[Result "0-1"]
[WhiteTitle "IM"]
[BlackTitle "IM"]
[WhiteElo "2397"]
[BlackElo "2415"]
[WhiteFideId "1154613"]
[BlackFideId "30944996"]
[EventDate "2026.03.02"]

1. e4 e6 2. d4 d5 3. e5 c5 4. c3 Nc6 5. Nf3 Bd7 6. Bd3 cxd4 7. O-O dxc3 8. Nxc3
Nge7 9. Bg5 Qb8 10. Re1 Ng6 11. Bxg6 hxg6 12. g3 Bc5 13. Rc1 b6 14. h4 O-O 15.
Bf4 Qd8 16. Ng5 Be7 17. Qg4 Nd4 18. Rcd1 Nf5 19. h5 Nh6 20. Qh4 Qe8 21. hxg6
fxg6 22. Qh3 Rf5 23. Nf3 g5 24. Nd4 gxf4 25. Nxf5 Nxf5 26. gxf4 Qf7 27. Ne2 Bb4
28. Rf1 Bb5 29. Qg4 Nh6 30. Qf3 Qg6+ 31. Kh2 Qg4 32. Ng1 Qxf3 33. Nxf3 Bxf1 0-1

[Event "American Cup Blitz 2026"]
[Site "Saint Louis USA"]
[Date "2026.03.02"]
[Round "6.27"]
[White "Tang, Zoey"]
[Black "Lee, Alice"]
[Result "1/2-1/2"]
[WhiteTitle "FM"]
[BlackTitle "IM"]
[WhiteElo "2356"]
[BlackElo "2399"]
[WhiteFideId "30952530"]
[BlackFideId "30941822"]
[EventDate "2026.03.02"]

1. d4 d5 2. Nf3 Nf6 3. Bf4 e6 4. e3 Bd6 5. Bxd6 Qxd6 6. Bd3 O-O 7. O-O b6 8. c4
dxc4 9. Bxc4 c5 10. dxc5 Qxc5 11. Be2 Ba6 12. Bxa6 Nxa6 13. Nc3 Nb4 14. Qe2 Nbd5
15. Nxd5 Nxd5 16. Rac1 Qe7 17. Nd4 Rfc8 18. a3 h6 19. h3 Qe8 20. Qd2 Rxc1 21.
Rxc1 Rc8 22. Rxc8 Qxc8 23. Qc2 Qxc2 24. Nxc2 Kf8 25. Kf1 Ke8 26. Ke1 Ke7 27. Ke2
Kd7 28. Nd4 Nc7 29. Nc2 Nd5 30. Nd4 Nc7 31. Nc2 Nd5 32. Nd4 1/2-1/2

[Event "American Cup Blitz 2026"]
[Site "Saint Louis USA"]
[Date "2026.03.02"]
[Round "6.28"]
[White "Atwell, Rose"]
[Black "Li, Rachael"]
[Result "1-0"]
[WhiteTitle "FM"]
[BlackTitle "WIM"]
[WhiteElo "2337"]
[BlackElo "2358"]
[WhiteFideId "30951011"]
[BlackFideId "30929849"]
[EventDate "2026.03.02"]

1. d4 Nf6 2. c4 d6 3. Nc3 Bf5 4. g3 Ne4 5. Qd3 d5 6. cxd5 Nxc3 7. Qxf5 Nxd5 8.
Bg2 e6 9. Qc2 Bb4+ 10. Bd2 Nc6 11. Nf3 O-O 12. O-O Bxd2 13. Qxd2 Nf6 14. Rac1
Ne7 15. Ne5 c6 16. e4 Ng6 17. Nc4 e5 18. d5 Rc8 19. Rfd1 Qd7 20. Qb4 Rfd8 21.
Na5 cxd5 22. Rxc8 Qxc8 23. exd5 Qc2 24. Qd2 Qxd2 25. Rxd2 b6 26. Nc6 Rd7 27. d6
Ne8 28. Nxa7 Rxd6 29. Rc2 f5 30. Nb5 Rd1+ 31. Bf1 Kf7 32. Kg2 Ne7 33. a4 e4 34.
b4 Ra1 35. Bc4+ Kf6 36. Bb3 g5 37. Ba2 f4 38. gxf4 gxf4 39. a5 f3+ 40. Kh3 bxa5
41. bxa5 Rg1 42. Nc7 Rg5 43. Nxe8+ Kg6 44. Nd6 h5 45. Nxe4 Rg4 46. Ng3 Ra4 47.
Bb1 Ra1 48. Rb2+ Kf6 49. Nxh5+ Kg5 50. Ng3 Kf4 51. Rb5 1-0

[Event "American Cup Blitz 2026"]
[Site "Saint Louis USA"]
[Date "2026.03.02"]
[Round "6.29"]
[White "Apaar Saxena"]
[Black "Bilovil, Bogdan"]
[Result "0-1"]
[WhiteTitle "FM"]
[BlackTitle "IM"]
[WhiteElo "2263"]
[BlackElo "2446"]
[WhiteFideId "25937219"]
[BlackFideId "14168766"]
[EventDate "2026.03.02"]

1. d4 d5 2. c4 e6 3. Nf3 Nf6 4. g3 Be7 5. Bg2 O-O 6. O-O Nbd7 7. Qc2 a5 8. Rd1
c6 9. Nbd2 b5 10. c5 Re8 11. e4 dxe4 12. Nxe4 Bb7 13. Bf4 Nxe4 14. Qxe4 Nf6 15.
Qe2 Nd5 16. Bd2 Qc7 17. Ne5 Rad8 18. Qe1 Ra8 19. h4 Bf6 20. h5 Bxe5 21. dxe5 h6
22. g4 Qe7 23. Rac1 Qh4 24. Qe4 b4 25. Be1 Ba6 26. f3 Qe7 27. f4 Rad8 28. Bg3
Bb5 29. Kh2 Rd7 30. Kh3 Red8 31. Bh4 f6 32. exf6 Nxf6 33. Rxd7 Rxd7 34. Qg6 Qf7
35. Re1 Rd3+ 36. Kh2 Qxg6 37. hxg6 Nxg4+ 38. Kg1 Re3 39. Rxe3 Nxe3 40. Bh3 Bc4
41. b3 Bd5 42. Bd8 Nd1 43. Bxa5 Nc3 44. Bxb4 Nxa2 45. Bd2 Bxb3 46. f5 Kf8 47.
Kf2 Ke7 48. Ke3 exf5 49. Bxf5 Kf6 50. Be4 h5 51. Bxc6 Kxg6 52. Be8+ Kf6 53. Bxh5
Ke5 54. Bf3 Bd5 55. c6 0-1

[Event "American Cup Blitz 2026"]
[Site "Saint Louis USA"]
[Date "2026.03.02"]
[Round "6.30"]
[White "Sukandar, Irine Kharisma"]
[Black "Cervantes Landeiro, Thalia"]
[Result "1-0"]
[WhiteTitle "IM"]
[BlackTitle "FM"]
[WhiteElo "2330"]
[BlackElo "2247"]
[WhiteFideId "7101937"]
[BlackFideId "3520498"]
[EventDate "2026.03.02"]

1. d4 Nf6 2. Bf4 d5 3. e3 g6 4. h4 Bg7 5. Nc3 h5 6. Nf3 O-O 7. Ne5 c5 8. dxc5
Qa5 9. Qd2 Nbd7 10. c6 Nxe5 11. cxb7 Bxb7 12. Bxe5 Rfd8 13. Qd4 Ne8 14. Bxg7
Nxg7 15. Bd3 Ne6 16. Qe5 Qb6 17. O-O d4 18. exd4 Rxd4 19. Rfe1 Rg4 20. Be4 Rc8
21. Bxb7 Qxb7 22. f3 Qb6+ 23. Qe3 Rxh4 24. Qxb6 axb6 25. Rad1 Rb4 26. Nd5 Rbc4
27. Nxe7+ Kf8 28. Nxc8 Rxc8 29. c3 Rc5 30. Rd6 Rb5 31. b3 Ke7 32. Rc6 Kd7 33.
Rc4 Rd5 34. Re2 g5 35. Rb4 Nf4 36. Rc2 Rd1+ 37. Kh2 Kc6 38. Rc4+ Kb7 39. Rd4 Re1
40. Rd7+ Kc6 41. Rxf7 h4 42. Rf6+ Kc7 43. Rf5 Ne6 44. Rd2 Kc6 45. b4 b5 46. Rdd5
Nf4 47. Rc5+ Kd6 48. Rxf4 gxf4 49. Rxb5 Re2 50. a4 Rc2 51. Rc5 Ra2 52. a5 Ra3
53. Kh3 Ra2 54. Rc4 Rc2 55. a6 Kd5 1-0

[Event "American Cup Blitz 2026"]
[Site "Saint Louis USA"]
[Date "2026.03.02"]
[Round "6.31"]
[White "Antova, Gabriela"]
[Black "Zatonskih, Anna"]
[Result "0-1"]
[WhiteTitle "FM"]
[BlackTitle "IM"]
[WhiteElo "2168"]
[BlackElo "2328"]
[WhiteFideId "2915235"]
[BlackFideId "14101572"]
[EventDate "2026.03.02"]

1. Nf3 d5 2. g3 Nd7 3. d4 Nb6 4. Nbd2 Nf6 5. Bg2 Bf5 6. O-O h6 7. b3 e6 8. c4
Bb4 9. a3 Bxd2 10. Bxd2 O-O 11. c5 Nbd7 12. b4 c6 13. a4 b6 14. Bf4 a5 15. cxb6
Qxb6 16. bxa5 Rxa5 17. Bd2 Ra6 18. a5 Qb5 19. Re1 Ne4 20. Bf1 Raa8 21. e3 Qb8
22. Qa4 Bg4 23. Qxc6 Bxf3 24. Reb1 Qc8 25. Qxc8 Rfxc8 26. Bb4 Nb8 27. a6 Nc6 28.
Be1 Nd6 29. Rb6 Nc4 30. Rb7 Ra7 0-1

[Event "American Cup Blitz 2026"]
[Site "Saint Louis USA"]
[Date "2026.03.02"]
[Round "6.32"]
[White "Caglar, Sila"]
[Black "Yu, Jennifer"]
[Result "0-1"]
[WhiteTitle "WIM"]
[BlackTitle "FM"]
[WhiteElo "2215"]
[BlackElo "2299"]
[WhiteFideId "6364063"]
[BlackFideId "2078341"]
[EventDate "2026.03.02"]

1. e4 g6 2. d4 Bg7 3. Nc3 d6 4. Bc4 Nf6 5. Bb3 O-O 6. Nf3 Nc6 7. h3 e5 8. Be3
exd4 9. Nxd4 Na5 10. a4 Nxb3 11. Nxb3 Qe7 12. Qd3 Be6 13. Nd4 Bd7 14. O-O a6 15.
Rfe1 Rfe8 16. Bg5 c6 17. a5 h6 18. Bh4 Qf8 19. Nf3 Be6 20. Rad1 d5 21. e5 Nd7
22. Bg3 Bf5 23. Qd2 Nc5 24. Nd4 Bd7 25. b4 Ne6 26. Nxe6 Bxe6 27. Na4 Rad8 28.
Nc5 Bc8 29. c3 Kh7 30. Re2 Re7 31. Rde1 Bf5 32. h4 Rde8 33. Bf4 f6 34. e6 g5 35.
Bd6 Qg8 36. Bxe7 Rxe7 37. f3 Bg6 38. g4 gxh4 39. Rh2 f5 40. Rxh4 fxg4 41. Rxg4
Bf5 42. Rg2 Qf8 43. Qf4 Bxc3 44. Ree2 Qf6 45. Rg3 Bd4+ 46. Kf1 Bh3+ 47. Rxh3
Qxf4 48. Reh2 Qc1+ 49. Ke2 Qc2+ 50. Ke1 Bc3+ 51. Kf1 Qd1+ 52. Kf2 Bd4+ 53. Kg3
Be5+ 54. Kf2 Bxh2 55. Rxh2 Qd2+ 56. Kg3 Rg7+ 57. Kh3 Qg5 0-1

[Event "American Cup Blitz 2026"]
[Site "Saint Louis USA"]
[Date "2026.03.02"]
[Round "6.33"]
[White "Abrahamyan, Tatev"]
[Black "Gueci, Tea"]
[Result "1/2-1/2"]
[WhiteTitle "IM"]
[BlackTitle "WIM"]
[WhiteElo "2379"]
[BlackElo "2138"]
[WhiteFideId "13301918"]
[BlackFideId "872342"]
[EventDate "2026.03.02"]

1. e4 c5 2. Nf3 Nc6 3. Bb5 g6 4. O-O Bg7 5. Re1 Nf6 6. e5 Nd5 7. Nc3 Nxc3 8.
dxc3 O-O 9. Bxc6 dxc6 10. Qe2 Qc7 11. h3 h6 12. Bf4 Be6 13. Qe3 Kh7 14. Qxc5
Rfd8 15. Rad1 b6 16. Qe3 c5 17. Nh2 Rxd1 18. Rxd1 Rd8 19. Re1 Qd7 20. b3 g5 21.
Bg3 Qd2 22. Qe4+ Kg8 23. Nf3 Qxc3 24. h4 Bd5 25. Qe3 Qxe3 26. Rxe3 Bxf3 27. gxf3
Rd2 28. hxg5 hxg5 29. Rc3 f5 30. f4 g4 31. Kf1 Rd4 32. Ke2 Bh6 33. Rd3 Re4+ 34.
Re3 Rd4 35. c3 Rd7 36. Rd3 Rb7 37. e6 Kg7 38. Rd5 Kf6 39. Re5 Rc7 40. Bh4+ Kg6
41. f3 Bg7 42. Rd5 gxf3+ 43. Kxf3 Bf6 44. Bf2 Bxc3 45. Rd7 Rc6 46. Rxe7 Bf6 47.
Rxa7 Rxe6 48. Rb7 Bd4 49. Bxd4 cxd4 50. Rd7 Re3+ 51. Kf2 Re4 52. Kf3 Re3+ 53.
Kf2 Re4 54. Kf3 Re3+ 55. Kf2 1/2-1/2

[Event "American Cup Blitz 2026"]
[Site "Saint Louis USA"]
[Date "2026.03.02"]
[Round "7.1"]
[White "So, Wesley"]
[Black "Hong, Andrew"]
[Result "1-0"]
[WhiteTitle "GM"]
[BlackTitle "GM"]
[WhiteElo "2753"]
[BlackElo "2587"]
[WhiteFideId "5202213"]
[BlackFideId "2099438"]
[EventDate "2026.03.02"]

1. e4 e5 2. Nc3 Nf6 3. d4 d6 4. Nf3 Nbd7 5. Rg1 c6 6. g4 g6 7. Be2 b5 8. a3 Bb7
9. g5 Nh5 10. Be3 Bg7 11. d5 a6 12. dxc6 Bxc6 13. Qxd6 Rc8 14. O-O-O Bf8 15. Qd3
b4 16. axb4 Bxb4 17. Nd2 Nf4 18. Bxf4 exf4 19. Nd5 Bc5 20. Bg4 Bxd5 21. Qxd5 Be7
22. Nc4 O-O 23. Bxd7 Rc5 24. Qd4 Qc7 25. b3 Rb8 26. Bg4 Bxg5 27. Bf3 Be7 28. e5
a5 29. e6 fxe6 30. Qd7 Rxc4 31. Qxe6+ Kh8 32. Qxc4 Ba3+ 33. Kd2 Qe5 34. c3 a4
35. b4 Bxb4 36. cxb4 a3 37. Qc3 Rd8+ 38. Kc2 Qxc3+ 39. Kxc3 Rc8+ 40. Kb3 1-0

[Event "American Cup Blitz 2026"]
[Site "Saint Louis USA"]
[Date "2026.03.02"]
[Round "7.2"]
[White "Dominguez Perez, Leinier"]
[Black "Woodward, Andy"]
[Result "0-1"]
[WhiteTitle "GM"]
[BlackTitle "GM"]
[WhiteElo "2738"]
[BlackElo "2608"]
[WhiteFideId "3503240"]
[BlackFideId "30953499"]
[EventDate "2026.03.02"]

1. e4 e5 2. Nf3 Nc6 3. Bc4 Bc5 4. c3 Nf6 5. d3 d6 6. O-O Bb6 7. Re1 O-O 8. h3
Ne7 9. d4 Ng6 10. Bd3 Re8 11. Nbd2 c6 12. Nf1 d5 13. Bg5 dxe4 14. Rxe4 Bf5 15.
Re1 Bxd3 16. Qxd3 h6 17. Bxf6 Qxf6 18. Ng3 exd4 19. cxd4 Nf4 20. Qb3 Rad8 21.
Ne4 Qg6 22. Ng3 Ne6 23. Rad1 Qf6 24. Ne4 Qf5 25. Nc3 Nxd4 26. Rxe8+ Rxe8 27.
Nxd4 Bxd4 28. Rf1 Bxf2+ 29. Kh1 Re1 30. Rxe1 Bxe1 31. Qxb7 Qf1+ 32. Kh2 Qf4+ 33.
Kh1 Bg3 34. Ne2 0-1

[Event "American Cup Blitz 2026"]
[Site "Saint Louis USA"]
[Date "2026.03.02"]
[Round "7.3"]
[White "Durarbayli, Vasif"]
[Black "Caruana, Fabiano"]
[Result "1-0"]
[WhiteTitle "GM"]
[BlackTitle "GM"]
[WhiteElo "2612"]
[BlackElo "2795"]
[WhiteFideId "13402935"]
[BlackFideId "2020009"]
[EventDate "2026.03.02"]

1. e4 c5 2. Nf3 e6 3. d4 cxd4 4. Nxd4 Nc6 5. Nc3 a6 6. Be2 d6 7. Be3 Nf6 8. g4
h6 9. h4 Be7 10. Rg1 d5 11. g5 hxg5 12. hxg5 Nxe4 13. Nxe4 dxe4 14. Nxc6 Qxd1+
15. Rxd1 bxc6 16. Rd4 Bb7 17. Rxe4 c5 18. Ra4 Kd7 19. Kd2 Kc7 20. Rf4 Raf8 21.
Rc4 Rd8+ 22. Kc1 Rd5 23. Rf4 Rf8 24. Rh4 g6 25. Bd3 a5 26. a3 Bc6 27. Be4 Rd7
28. Bd3 Bd6 29. Rc4 Bb5 30. Rc3 Bxd3 31. Rxd3 Be7 32. Rc3 Kc6 33. Rc4 Rh8 34. a4
Rd5 35. b3 Bd6 36. Kb2 Rh3 37. Kc1 Rf5 38. Rd1 Be7 39. Rg4 Rh5 40. Rdg1 Bd6 41.
Kd2 Rh3 42. Ke2 Rd5 43. Re4 Rh8 44. Rgg4 Rh1 45. Rh4 Ra1 46. Rh8 Be7 47. Rc8+
Kb7 48. Re8 Rd7 49. Rc4 Rg1 50. Bxc5 Bxg5 51. Bd4 Rg4 52. c3 Re4+ 53. Kf3 Rf4+
54. Ke2 Bf6 55. Bxf6 Rxf6 56. Rcc8 Rf5 57. Rb8+ Kc6 58. b4 Kd5 59. Rec8 axb4 60.
cxb4 Ke4 61. Rc4+ Ke5 62. Rc5+ Kd4 63. Rxf5 gxf5 64. a5 Ra7 65. Rb6 Rc7 66. a6
Rc2+ 67. Kf3 e5 68. Rb5 e4+ 69. Kg3 f4+ 70. Kxf4 Rxf2+ 71. Kg3 Rf1 72. a7 1-0

[Event "American Cup Blitz 2026"]
[Site "Saint Louis USA"]
[Date "2026.03.02"]
[Round "7.4"]
[White "Bok, Benjamin"]
[Black "Mishra, Abhimanyu"]
[Result "0-1"]
[WhiteTitle "GM"]
[BlackTitle "GM"]
[WhiteElo "2592"]
[BlackElo "2629"]
[WhiteFideId "1017063"]
[BlackFideId "30920019"]
[EventDate "2026.03.02"]

1. d4 Nf6 2. c4 e6 3. Nc3 Bb4 4. Qc2 d5 5. a3 Bxc3+ 6. Qxc3 O-O 7. Bg5 c5 8.
dxc5 d4 9. Qf3 Nbd7 10. e3 h6 11. Bxf6 Nxf6 12. O-O-O e5 13. Ne2 d3 14. Nc3 Bg4
15. Rxd3 Qa5 16. Qxb7 Rab8 17. Qc6 Bf5 18. Qa4 Qxc5 19. Rd2 Rfc8 20. Be2 Qb6 21.
Rhd1 Nd7 22. Qb5 Qg6 23. Qd5 Nc5 24. b4 Nb3+ 25. Kb2 Nxd2 26. Rxd2 Be6 27. Qe4
Qf6 28. Nd5 Bxd5 29. Qxd5 Rd8 30. Bf3 0-1

[Event "American Cup Blitz 2026"]
[Site "Saint Louis USA"]
[Date "2026.03.02"]
[Round "7.5"]
[White "Warmerdam, Max"]
[Black "Aronian, Levon"]
[Result "0-1"]
[WhiteTitle "GM"]
[BlackTitle "GM"]
[WhiteElo "2580"]
[BlackElo "2729"]
[WhiteFideId "1048104"]
[BlackFideId "13300474"]
[EventDate "2026.03.02"]

1. Nf3 d5 2. g3 Nd7 3. Bg2 e5 4. d3 Ngf6 5. O-O Bd6 6. c4 d4 7. e3 c5 8. exd4
cxd4 9. b4 a5 10. c5 Bc7 11. b5 Nxc5 12. Ba3 Nfd7 13. Qc2 Bd6 14. Nbd2 f6 15.
Nh4 g6 16. Bd5 Nb6 17. Bxc5 Nxd5 18. Ne4 Be7 19. Rac1 O-O 20. Rfe1 Be6 21. Qb2
Rc8 22. Nf3 Nb4 23. Bxb4 axb4 24. Rxc8 Qxc8 25. Nfd2 Qd7 26. Rc1 Rc8 27. Nc4
Qxb5 28. Ned6 Bxd6 29. Nxd6 Rxc1+ 30. Qxc1 Qc6 0-1

[Event "American Cup Blitz 2026"]
[Site "Saint Louis USA"]
[Date "2026.03.02"]
[Round "7.6"]
[White "Pranav, V"]
[Black "Hardaway, Brewington"]
[Result "1/2-1/2"]
[WhiteTitle "GM"]
[BlackTitle "GM"]
[WhiteElo "2641"]
[BlackElo "2544"]
[WhiteFideId "25060783"]
[BlackFideId "30941849"]
[EventDate "2026.03.02"]

1. e4 e5 2. Nc3 Nf6 3. Bc4 Nc6 4. d3 Bb4 5. Ne2 d5 6. exd5 Nxd5 7. O-O Nxc3 8.
bxc3 Bd6 9. f4 exf4 10. Nxf4 O-O 11. d4 Bf5 12. Rb1 Qd7 13. Bd3 b6 14. Rb5 Bg6
15. Nxg6 hxg6 16. Qf3 Rae8 17. Rg5 Na5 18. h4 Be7 19. Rd5 Qe6 20. h5 Bd6 21. Rg5
c5 22. d5 Qe7 23. c4 Be5 24. Qh3 gxh5 25. Rxh5 g6 26. Bg5 Bd4+ 27. Kh1 Qe5 28.
Rf6 Qe1+ 29. Rf1 Qe5 30. Rf6 Qe1+ 31. Rf1 Qe5 32. Rf6 1/2-1/2

[Event "American Cup Blitz 2026"]
[Site "Saint Louis USA"]
[Date "2026.03.02"]
[Round "7.7"]
[White "Cordova, Emilio"]
[Black "Quesada Perez, Yasser"]
[Result "0-1"]
[WhiteTitle "GM"]
[BlackTitle "GM"]
[WhiteElo "2494"]
[BlackElo "2562"]
[WhiteFideId "3801497"]
[BlackFideId "3509362"]
[EventDate "2026.03.02"]

1. d4 Nf6 2. Bg5 g6 3. Nd2 d5 4. c3 Bg7 5. e3 O-O 6. Ngf3 b6 7. a4 a5 8. Be2 c5
9. O-O Ba6 10. Re1 Bxe2 11. Qxe2 Nbd7 12. Rad1 Qc7 13. Bh4 Qc6 14. b3 Rfe8 15.
c4 e6 16. Rc1 Qb7 17. h3 Ne4 18. Red1 Ndf6 19. Nb1 h6 20. Bxf6 Bxf6 21. cxd5
exd5 22. Na3 Rac8 23. Nb5 cxd4 24. Nfxd4 Bxd4 25. Rxc8 Rxc8 26. Rxd4 Rc5 27. Rd1
Qc8 28. Qd3 Qe6 29. f3 Nf6 30. Qd4 Rc2 31. Qf4 Rb2 32. Nd4 Qe7 33. Rc1 Nh5 34.
Qxh6 Qd7 35. Rc6 Ng3 36. Rxb6 Rb1+ 37. Kf2 Qc7 38. Rxg6+ fxg6 39. Qxg6+ Kh8 40.
Qh6+ Kg8 41. Qg5+ Kh7 0-1

[Event "American Cup Blitz 2026"]
[Site "Saint Louis USA"]
[Date "2026.03.02"]
[Round "7.8"]
[White "Fier, Alexandr"]
[Black "Lodici, Lorenzo"]
[Result "1/2-1/2"]
[WhiteTitle "GM"]
[BlackTitle "GM"]
[WhiteElo "2572"]
[BlackElo "2590"]
[WhiteFideId "2107139"]
[BlackFideId "884189"]
[EventDate "2026.03.02"]

1. e4 e5 2. Nf3 Nc6 3. Bc4 Nf6 4. d3 Be7 5. Nc3 d6 6. a3 O-O 7. Be3 Na5 8. Ba2
c5 9. b4 Nc6 10. Nd5 cxb4 11. Nxb4 Nxb4 12. axb4 d5 13. O-O Bg4 14. h3 Bxf3 15.
Qxf3 d4 16. Bd2 Kh8 17. c4 dxc3 18. Bxc3 Bd6 19. b5 Qe7 20. Rfe1 Bc5 21. Bc4
Rad8 22. g3 Rd7 23. Kg2 Rfd8 24. Ba5 Rc8 25. Bd2 Ne8 26. Rec1 Nd6 27. Rab1 Nxc4
28. Rxc4 Rcd8 29. Rb3 b6 30. h4 Qe6 31. h5 f6 32. h6 g6 33. Bb4 Bxb4 34. Rcxb4
Rc7 35. Ra3 Kg8 36. Qe3 Kf7 37. d4 exd4 38. Rxd4 Rxd4 39. Qxd4 g5 40. Rf3 Kg6
41. Qd8 Re7 42. Qf8 Qf7 43. Qb8 Kxh6 44. e5 f5 45. g4 f4 46. Qd6+ Re6 47. Qd5
Qe7 48. Qe4 Kg7 49. Rd3 Rxe5 50. Qc6 Qf6 51. Rd6 Qf7 52. Rd7 Re7 53. Qc3+ Kg8
54. Rd6 Qe8 55. Qc4+ Qf7 56. Qd4 f3+ 57. Kh3 h5 58. Rd8+ Re8 59. Rd7 hxg4+ 60.
Qxg4 Qe6 61. Rxa7 Qxg4+ 62. Kxg4 Re5 63. Kxf3 Rxb5 64. Rb7 Kf8 65. Kg4 Ke8 66.
f4 gxf4 67. Kxf4 Kd8 68. Ke4 Kc8 69. Rh7 Rc5 70. Kd4 Rc6 71. Kd3 Kb8 72. Kd4 Rc5
73. Kd3 Rc1 74. Kd4 Rc6 75. Kd3 Rc7 76. Rxc7 Kxc7 77. Kc4 Kc6 78. Kb4 b5 79. Kb3
Kc5 80. Kc3 b4+ 81. Kb3 Kb5 82. Kb2 Kc4 83. Kc2 b3+ 84. Kb2 Kb4 85. Kb1 Kc3 86.
Kc1 b2+ 87. Kb1 Kb3 1/2-1/2

[Event "American Cup Blitz 2026"]
[Site "Saint Louis USA"]
[Date "2026.03.02"]
[Round "7.9"]
[White "Gazik, Viktor"]
[Black "Kevlishvili, Robby"]
[Result "0-1"]
[WhiteTitle "GM"]
[BlackTitle "GM"]
[WhiteElo "2537"]
[BlackElo "2527"]
[WhiteFideId "14928752"]
[BlackFideId "1040634"]
[EventDate "2026.03.02"]

1. e4 c5 2. Nc3 d6 3. Nf3 Nf6 4. e5 dxe5 5. Nxe5 a6 6. g3 Qd6 7. Nf3 Nc6 8. Bg2
g6 9. O-O Bg7 10. d3 O-O 11. Bf4 e5 12. Bg5 Bd7 13. Nd2 h6 14. Bxf6 Qxf6 15.
Nde4 Qd8 16. Nxc5 Bc8 17. Re1 Kh7 18. Nd5 f5 19. c4 Nd4 20. Nb3 Ne6 21. Qd2 a5
22. a4 Bd7 23. Re2 f4 24. Ree1 f3 25. Bf1 Ng5 26. d4 Bh3 27. Bd3 Bg2 28. h4 Qd7
29. Bxg6+ Kh8 30. Nf4 Nh3+ 31. Kh2 Nxf4 0-1

[Event "American Cup Blitz 2026"]
[Site "Saint Louis USA"]
[Date "2026.03.02"]
[Round "7.10"]
[White "Oparin, Grigoriy"]
[Black "Kantor, Gergely"]
[Result "1-0"]
[WhiteTitle "GM"]
[BlackTitle "GM"]
[WhiteElo "2658"]
[BlackElo "2515"]
[WhiteFideId "24125890"]
[BlackFideId "751499"]
[EventDate "2026.03.02"]

1. e4 e5 2. d3 Nc6 3. Nc3 Bb4 4. Ne2 Nf6 5. a3 Bxc3+ 6. Nxc3 d5 7. Bg5 d4 8. Nd5
Be6 9. Nxf6+ gxf6 10. Bh4 Rg8 11. Be2 Qd6 12. Qd2 f5 13. exf5 Bxf5 14. Bf3 Bg4
15. Be4 f5 16. Bxc6+ Qxc6 17. f3 Bh5 18. O-O-O Kd7 19. Rde1 Rae8 20. Rhf1 Qd5
21. b3 Rg6 22. Kb2 a5 23. g4 fxg4 24. f4 Rb6 25. Rxe5 Rxe5 26. fxe5 a4 27. b4
Bf7 28. Kc1 Rc6 29. Rf4 Be6 30. Bf2 Qa2 31. Bxd4 Bb3 32. c4 Qxa3+ 33. Bb2 Qa2
34. Bc3 Qa3+ 35. Qb2 Qxb2+ 36. Kxb2 Rh6 37. Rf2 Rh3 38. Rd2 Ke6 39. b5 h5 40.
Ka3 h4 41. Kb4 g3 42. hxg3 Rxg3 43. d4 h3 44. d5+ Ke7 45. Rd4 h2 46. Rh4 Rg4 1-0

[Event "American Cup Blitz 2026"]
[Site "Saint Louis USA"]
[Date "2026.03.02"]
[Round "7.11"]
[White "Bharath, Subramaniyam H"]
[Black "Boros, Denes"]
[Result "0-1"]
[WhiteTitle "GM"]
[BlackTitle "GM"]
[WhiteElo "2595"]
[BlackElo "2371"]
[WhiteFideId "46634827"]
[BlackFideId "722340"]
[EventDate "2026.03.02"]

1. e4 c5 2. Nf3 e6 3. d4 cxd4 4. Nxd4 Bc5 5. Nb3 Be7 6. c4 Nc6 7. Nc3 Nf6 8. Be2
O-O 9. O-O b6 10. Be3 Bb7 11. Qd2 Rc8 12. f4 d6 13. Rac1 Nd7 14. Nd4 Nxd4 15.
Bxd4 e5 16. Be3 exf4 17. Bxf4 Ne5 18. b3 Re8 19. Kh1 Ng6 20. Bg4 Rc5 21. Be3 Bg5
22. Bxg5 Qxg5 23. Qf2 Rf8 24. Bh3 Qe5 25. Qf3 Nh4 26. Qd3 Ng6 27. Bf5 Nh4 28.
Bh3 Ng6 29. Qf3 Nh4 30. Qg3 Ng6 31. Rcd1 Bxe4 32. Rxd6 Qxg3 33. hxg3 Bc6 34. Bf5
Ne7 35. Bc2 Re5 36. Kg1 Rc8 37. Rfd1 g6 38. Kf2 Kg7 39. R6d2 Ng8 40. Re2 Rce8
41. Rde1 Rxe2+ 42. Rxe2 Rd8 43. Be4 Be8 44. b4 Nh6 45. Rc2 Ng4+ 46. Ke2 Rc8 47.
Nd5 f5 48. Bf3 Ne5 49. Ne3 Bc6 50. Bxc6 Nxc6 51. Rd2 Nxb4 52. Rd7+ Kf6 53. Rxa7
h6 54. a3 Nc6 55. Nd5+ Kg5 56. Nxb6 Re8+ 57. Kf2 Nxa7 0-1

[Event "American Cup Blitz 2026"]
[Site "Saint Louis USA"]
[Date "2026.03.02"]
[Round "7.12"]
[White "Matviishen, Viktor"]
[Black "Akobian, Varuzhan"]
[Result "1-0"]
[WhiteTitle "GM"]
[BlackTitle "GM"]
[WhiteElo "2533"]
[BlackElo "2549"]
[WhiteFideId "14129850"]
[BlackFideId "13300580"]
[EventDate "2026.03.02"]

1. d4 e6 2. c4 f5 3. Nc3 Nf6 4. g3 d5 5. Bg2 c6 6. Nf3 Bd6 7. O-O O-O 8. b3 Qe7
9. Bb2 Nbd7 10. e3 Ne4 11. Ne2 b6 12. Ne5 Bb7 13. Nxd7 Qxd7 14. Nc1 Qe7 15. Nd3
Rfd8 16. Rc1 Rac8 17. Qe2 c5 18. cxd5 Bxd5 19. dxc5 Nxc5 20. Bxd5 exd5 21. Rfd1
Ne4 22. Nf4 Rxc1 23. Rxc1 Bxf4 24. gxf4 Qf7 25. Be5 h6 26. Kh1 Kh7 27. f3 Nc5
28. Rg1 Ne6 29. Qd3 Kg8 30. b4 Qh5 31. Qe2 Kh7 32. Qg2 Rd7 33. Qe2 d4 34. Rd1 d3
35. Qg2 b5 36. Qg3 d2 37. Kg2 Qf7 38. Qf2 Qg6+ 39. Kf1 Qh5 40. Ke2 Qf7 41. Rxd2
Rxd2+ 42. Kxd2 Nf8 43. Ke1 Qc4 44. Qd2 Ng6 45. Bd4 Nh4 46. Kf2 Qd5 47. Qe2 Qc6
48. Kg3 Ng6 49. Qd3 Qe6 50. e4 Ne7 51. Bc5 Qg6+ 52. Kf2 Qe6 53. a3 a6 54. Qd6
Qa2+ 55. Kg3 Qa1 56. Qxe7 Qe1+ 57. Bf2 1-0